Library of the University of Algiers 3
Ibrahim Sultan Cheibout
شعار جامعة الجزائر 3
مكتبة جامعة الجزائر 3
إبراهيم سلطان شيبوط

بورصة الأوراق المالية / (رقم التسجيلة. 46362)

تفاصيل مارك
000 -LEADER
fixed length control field 02118nam a2200217Ia 4500
003 - CONTROL NUMBER IDENTIFIER
control field Ost
005 - DATE AND TIME OF LATEST TRANSACTION
control field 20260507075804.0
008 - FIXED-LENGTH DATA ELEMENTS--GENERAL INFORMATION
fixed length control field 260507s9999||||xx |||||||||||||| ||und||
040 ## - CATALOGING SOURCE
Transcribing agency fsecg
041 ## - LANGUAGE CODE
Language code of text/sound track or separate title ara
082 ## - DEWEY DECIMAL CLASSIFICATION NUMBER
Classification number 332.4044
100 ## - MAIN ENTRY--PERSONAL NAME
Personal name عبد اللطيف، أحمد سعد
Relator term مؤلف
245 #0 - TITLE STATEMENT
Title بورصة الأوراق المالية /
Statement of responsibility, etc. أحمد سعد عبد اللطيف
260 ## - PUBLICATION, DISTRIBUTION, ETC.
Place of publication, distribution, etc. القاهرة:
Name of publisher, distributor, etc. مطبعة مركز التعليم المفتوح,
Date of publication, distribution, etc. 1998
300 ## - PHYSICAL DESCRIPTION
Extent 369 صفحة؛
Other physical details إيضاحات ؛
Dimensions 24 سم
520 ## - SUMMARY, ETC.
Summary, etc. الأسواق الأولية والثانوية للأوراق المالية، بورصة الأوراق المالية، الصفقات المالية ببورصة الأوراق المالية، الأوامر ذات الطابع الخاص لتنفيذ الصفقات المالية، اجراءات تنفيج الصفقات ببورصة الأوراق المالية، عائد ومخاطر الاستثمار في الأوراق المالية:المفاهيم الأساسية، عائد ومخاطر الاستثمار في الأوراق المالية:المقاييس الأساسية، الأوراق المالية المتداولة ببورصة الأوراق المالية:السندات المصدرة بواسطة الشركات المساهمة، الأوراق المالية المتداولة في بورصة الأوراق المالية:أسهم رأس المال، البيانات المالية المنشورة عن الأسهموالسندات المتداولة ببورصات الأوراق المالية، مؤشرات بورصات الأوراق المالية، صناديق الاستثمار، نظرية محفظة الاستثمارات في حالة احتواء المحفظة على ورقتين ماليتين، نموذج تسعير الأصل الرأسمالي، التطبيقات العملية لنموذج تسعير الأصل الرأسمالي
653 ## - INDEX TERM--UNCONTROLLED
Uncontrolled term الاسواق المالية
653 ## - INDEX TERM--UNCONTROLLED
Uncontrolled term الاوراق المالية
653 ## - INDEX TERM--UNCONTROLLED
Uncontrolled term بورصة - اوراق مالية
942 ## - ADDED ENTRY ELEMENTS (KOHA)
Koha item type كتب
المقتنيات
Withdrawn status Lost status Source of classification or shelving scheme Damaged status Not for loan Home library Current library Date acquired Serial enumeration / chronology Inventory number Total checkouts Full call number Barcode Date last seen Price effective from Koha item type
    Library of Congress Classification   NOT LOAN / إعارة داخلية مكتبة كلية العلوم الإقتصادية والعلوم التجارية وعلوم التسيير مكتبة كلية العلوم الإقتصادية والعلوم التجارية وعلوم التسيير 07/05/2026 الطابق الثاني 1649/5/1   أ/1649ك5ن1 1649/5/1 07/05/2026 07/05/2026 كتب

موارد الويب المفتوحة


© University of Algiers 3 All Rights Reserved
|
Implemented by LECHELAH Riad